000 00527nam a22002177a 4500
003 UA-OsUOA
001 41873
007 ta
008 20081110b un ||||| |||| 00| 0 ukr d
090 _a243
_bС49
942 _cBK
040 _aUA-OsUOA
_bukr
_cUA-OsUOA
_dUA-OsUOA
245 _aСлужба божа
_bДля дитячого хору
300 _a72 с.
955 _a2
041 _aukr
080 _a243
260 _b"Просвіта"
_c1992
650 7 _a2 Релігія. Теологія.
_2UDC
999 _c440373
_d440373